| 000 | 01750cam a2200253 4500 | ||
|---|---|---|---|
| 001 | 7288 | ||
| 005 | 20181127183324.0 | ||
| 008 | 990624s1999 nyua b 001 0 eng | ||
| 010 | _a 99038107 | ||
| 020 | _a0801437229 | ||
| 020 | _a0801486343 (pbk.) | ||
| 082 | 0 | 0 |
_a332/.095 _221 |
| 100 |
_aPempel, T.J. _b _c _d _eeditor _q |
||
| 245 | 0 | 4 |
_aThe politics of the Asian economic crisis / _cedited by T.J. Pempel. |
| 260 |
_aIthaca, [N.Y.] : _bCornell University Press, _c1999. |
||
| 300 |
_axii, 284 p. : _bill. ; _c24 cm. |
||
| 440 | 0 | _aCornell studies in political economy | |
| 504 | _aIncludes bibliographical references (p. 253-268) and index. | ||
| 505 |
_aThe Asian crisis, democracy, and the end of "late" development / Bruce Cumings -- Asian business networks in transition: or, what Alan Greenspan does not know about the Asian business crisis / Gary Hamilton / Regional up, regional downs / T.J. Pempel -- The determination of financial crisis in Asia / Jeffrey A. Winters -- Free market fancies: Hong Kong, Singapore, and the Asian financial crisis / Linda Y.C. Lim -- The state, democracy, and the reform of the corporate sector in Korea / Meredith Woo-Cumings -- Political institutions and the economic crisis in Thailand and Indonesia / Andrew MacIntyre -- Neither dynamo nor domino: reforms and crises in the Philippine political economy / Paul Hutchcroft -- Surviving the east Asian financial storm: the political foundation of Taiwan's economic resilience / Yun-Han Chu -- China: domestic restructuring and a new role in Asia / Barry Naughton. _g _r _t |
||
| 650 | 0 |
_aFinancial crises _zAsia. |
|
| 651 | 0 |
_aAsia _xPolitics and government _y1945- |
|
| 700 | 1 |
_aPempel, T. J., _d1942- |
|
| 999 |
_c6211 _d6211 |
||